00933nabaa22001817a 4500003000400000005001700004008004100021040000700062100002600069245016900095300001300264500003700277505016800314505008900482650002700571650003300598773012000631OSt20260130185846.0190701b xxu||||| |||| 00| 0 spa d cPJ aDel Rosso, Sergio E. 13aEl ritualismo inútil : ben atención a las modificaciones introducidas por la ley 27.742 al régimen de procedimientos administrativos /cSergio E. Del Rosso.  ap. 42-50 aCita: TR LALEY AR/DOC/2044/2025  aSumario: I. Introducción.— II. El ritualismo inútil.— III. ¿Cómo se acredita el ritualismo inútil?— IV. Conclusiones finales.— V. Bibliografía.  t¿Te interesa el texto completo? Comunicate al correo: koha@justierradelfuego.gov.ar 0aDERECHO ADMINISTRATIVO 0aPROCEDIMIENTO ADMINISTRATIVO0 02842dBuenos Aires : AbeledoPerrot, 2012-oDA121tDerecho administrativo. Nº 161 septiembre/octubre 2025z18510590